Les pays ayant 4 lettres - une minute sprint - Statistiques

Statistiques générales
  • Ce quiz a été pris 195 fois
  • Le résultat moyen est 6 sur 9
Statistiques - réponses
continent pays % Correct
Afrique Togo
86%
Amérique du Nord Cuba
85%
Asie Iran
82%
Asie Irak
81%
Asie Laos
76%
Afrique Mali
76%
Asie Inde
70%
Asie Oman
62%
Océanie Niue
20%
Aucun quiz correspondant
Distribution des résultats
% des personnes avec chaque résultat
Percentile par nombre de réponses
Votre historique - résultats
Vous n’avez pas pris ce quiz